ბათუმის შოთა რუსთაველის სახელმწიფო უნივერსიტეტის ბიბლიოთეკა

Building structures / (ბიბ.ჩანაწერი № 57428)

000 -LEADER
fixed length control field 04054cam a2200373 a 4500
001 - CONTROL NUMBER
control field 16748961
005 - DATE AND TIME OF LATEST TRANSACTION
control field 20200618144245.0
008 - FIXED-LENGTH DATA ELEMENTS--GENERAL INFORMATION
fixed length control field 110425s2012 njua b 001 0 eng
010 ## - LIBRARY OF CONGRESS CONTROL NUMBER
LC control number 2011016261
020 ## - INTERNATIONAL STANDARD BOOK NUMBER
International Standard Book Number 9780470542606 (hbk. : alk. paper)
040 ## - CATALOGING SOURCE
Original cataloging agency DLC
Transcribing agency DLC
Modifying agency DLC
041 ## - LANGUAGE CODE
Language code of text/sound track or separate title eng
042 ## - AUTHENTICATION CODE
Authentication code pcc
050 00 - LIBRARY OF CONGRESS CALL NUMBER
Classification number TA658
Item number .A49 2012
080 ## - UNIVERSAL DECIMAL CLASSIFICATION NUMBER
Universal Decimal Classification number 624.1 A-46
082 00 - DEWEY DECIMAL CLASSIFICATION NUMBER
Classification number 624.1/7
Edition number 22
084 ## - OTHER CLASSIFICATION NUMBER
Classification number ARC004000
Number source bisacsh
100 1# - MAIN ENTRY--PERSONAL NAME
Personal name Ambrose, James E.
9 (RLIN) 8565
245 10 - TITLE STATEMENT
Title Building structures /
Statement of responsibility, etc. James Ambrose, Patrick Tripeny.
250 ## - EDITION STATEMENT
Edition statement 3rd ed.
260 ## - PUBLICATION, DISTRIBUTION, ETC.
Place of publication, distribution, etc. Hoboken, N.J. :
Name of publisher, distributor, etc. Wiley,
Date of publication, distribution, etc. 2012.
300 ## - PHYSICAL DESCRIPTION
Extent xv, 528 p. :
Other physical details ill. ;
Dimensions 29 cm.
504 ## - BIBLIOGRAPHY, ETC. NOTE
Bibliography, etc. note Includes bibliographical references (p. 519) and index.
505 8# - FORMATTED CONTENTS NOTE
Formatted contents note Machine generated contents note: Preface.Introduction.Chapter 1. Basic Concepts.1.1 Basic Concerns.1.2 Architectural Considerations.1.3 Structural Functions.1.4 Structural Materials.1.5 Structural Systems.Chapter 2. Investigation of Structures.2.1 Introduction to Structural Investigation.2.2 Static Forces.2.3 Stresses and Strains.2.4 Special Topics.2.5 Dynamic Behavior.Chapter 3. Structural Elements.3.1 Beams.3.2 Tension Elements.3.3 Compression Elements.3.4 Trusses.3.5 Rigid Frames.3.6 Special Structures.Chapter 4. Wood Structures.4.1 General Concerns for Wood.4.2 Wood Products and Systems.4.3 Design Data for Structural Lumber.4.4 Wood Spanning Systems.4.5 Wood Trusses.4.6 Wood Columns.4.7 Fasteners and Connections for Wood.Chapter 5. Steel Structures.5.1 General Concerns for Steel.5.2 Steel Beams, Joists, and Decks.5.3 Steel Columns.5.4 Bolted Connections for Steel Structures.5.5 Steel Trusses.Chapter 6. Concrete Structures.6.1 General Concerns for Concrete.6.2 Reinforced Concrete Flexural Members.6.3 Concrete Columns.6.4 Concrete Foundations.Chapter 7. Masonry Structures.7.1 General Concerns for Masonry.7.2 Structural Masonry.7.3 Masonry with Concrete Units.7.4 Form and Classification of Compression Elements.7.5 Brick Masonry.7.6 Miscellaneous Masonry Construction.Chapter 8. Building Foundations and Site Structures.8.1 General Considerations.8.2 Soil Properties and Foundation Behavior.8.3 Shallow Bearing Foundations.8.4 Elements of Foundation Systems.8.5 Deep Foundations.8.6 Special Problems and Construction.Chapter 9. Lateral Force Effects.9.1 General Concerns for Lateral Effects.9.2 Wind Effects on Buildings.9.3 Earthquake Effects on Buildings.9.4 Elements of Lateral Resistive Systems.Chapter 10. Building Structures Design Examples.10.1 General Concerns for Structures Design.10.2 Building One.10.3 Building Two.10.4 Building Three.10.5 Building Four.10.6 Building Five.10.7 Building Six.10.8 Building Seven.10.9 Building Eight.10.10 Building Nine.Appendix A. Properties of Sections.Appendix B. Glossary.Appendix C. Exercise Problems.Appendix D. Study Aids.References.Index. .
520 ## - SUMMARY, ETC.
Summary, etc. "This new edition continues its legacy as the reference of choice for architects studying contemporary issues and design practices for building structures by taking a conceptual approach that foregos complicated mathematics. Looking at the role of the structure as a building subsystem, it offers the fundamentals of computational methods for design of wood, steel, and reinforced concrete structures, along with new material such as discussion of the LRFD method of design. Profusely illustrated with new case studies, this go-to guide is perfect for non-engineers to understand and visualize structural design"--
Assigning source Provided by publisher.
650 #0 - SUBJECT ADDED ENTRY--TOPICAL TERM
Topical term or geographic name entry element Structural design.
9 (RLIN) 8566
650 #0 - SUBJECT ADDED ENTRY--TOPICAL TERM
Topical term or geographic name entry element Structural analysis (Engineering)
9 (RLIN) 8567
650 #7 - SUBJECT ADDED ENTRY--TOPICAL TERM
Topical term or geographic name entry element ARCHITECTURE / Design, Drafting, Drawing & Presentation.
Source of heading or term bisacsh
9 (RLIN) 8568
653 ## - INDEX TERM--UNCONTROLLED
keyword შენობა ნაგებობების კონსტრუქციები
700 1# - ADDED ENTRY--PERSONAL NAME
Personal name Tripeny, Patrick.
Relator term ავტორი
9 (RLIN) 8569
906 ## - LOCAL DATA ELEMENT F, LDF (RLIN)
a 7
b cbc
c orignew
d 1
e ecip
f 20
g y-gencatlg
942 ## - ADDED ENTRY ELEMENTS (KOHA)
Source of classification or shelving scheme
Koha item type წიგნი
ეგზემპლარები
Withdrawn status Lost status Source of classification or shelving scheme Damaged status Not for loan Permanent Location Current Location Shelving location Date acquired Cost, normal purchase price Full call number Barcode Date last seen Copy number Price effective from Koha item type Public note
          ბათუმის შოთა რუსთაველის სახელმწიფო უნივერსიტეტის მთავარი ბიბლიოთეკა ბათუმის შოთა რუსთაველის სახელმწიფო უნივერსიტეტის მთავარი ბიბლიოთეკა წიგნსაცავი 2020-06-18 324.00 624.1 A-46 60624 2020-06-18 60624 2020-06-18 წიგნი 324 ლ.